000 00803nam a2200253Ia 4500
003 OSt
005 20220925204806.0
006 a|||||r|||| 00| 0
007 ta
008 220923b |||||||| |||| 00| 0 eng d
020 _a9780670092093
_c699.00
037 _b52, 23/01/2019, CLASSIC BOOKS SERVICES
_cGeneral Book
040 _aRTL
_cRTL
_beng
041 _2eng
_aeng
082 _aX:75, Q8
100 _aSUBRAMANIAN Arvind
_9268942
245 0 _aOf counsel
_b The challenges of the Modi- Jaitley economy
260 _aGurgaon
_bPenguin Random House
_c2018
300 _alii,347p
_ccm.
500 _aBibliography: p 331-336
650 _aEconomics
942 _hX:75, Q8
_cGB
_2CC
999 _c550410
_d550410